Vells passis (Record no. 4365)

MARC details
000 - LÍDER
campo de control de longitud fija 00776nam a2200181Ia 4500
008 - ELEMENTOS DE DATOS DE LONGITUD FIJA - INFORMACIÓN GENERAL
campo de control de longitud fija 0000001999 sp a 0000000000spa00
090 ## - NÚMERO DE LLAMADA DE TIPO LC LOCALMENTE ASIGNADO (OCLC)
Número de clasificación (OCLC) (R) PSP00 P17v
100 1# - ENTRADA PRINCIPAL - NOMBRE PERSONAL
Nombre de la persona Pascual Rodrigo, ángel
Fechas asociadas a un nombre 1951
245 10 - TÍTULO DECLARACIÓN
Título Vells passis
Declaración de responsabilidad / Angel Pascual Rodrigo
260 ## - PUBLICACIÓN, DISTRIBUCIÓN
Lugar de publicación Zaragoza : Museo Pablo Serrano
Fecha de publicación 1999
300 ## - DESCRIPCIÓN FÍSICA
Alcance [14] p.
Dimensiones / 21 cm.
500 ## - NOTA GENERAL
Nota general Exposición realizada en el Museo Pablo Serrano, Zaragoza, del 1 de octubre al 21 de noviembre,1999 \ Con el patronazgo del maestro venezolano Jesús Rafael Soto (q.e.p.d.) \ Registro auspiciado por el IDCT. Bogotá
600 00 - ENTRADA DE SUJETO AÑADIDO - NOMBRE PERSONAL
Nombre de la persona PASCUAL RODRIGO, ANGEL, 1951/
Subdivisión general TRABAJOS PICTORICOS
650 14 - ENTRADA DE SUJETO AÑADIDO - TÉRMINO TÓPICO
Término tópico o elemento de entrada del nombre geográfico PINTURA ESPAÑOLA
650 14 - ENTRADA DE SUJETO AÑADIDO - TÉRMINO TÓPICO
Término tópico o elemento de entrada del nombre geográfico ARTE CONTEMPORANEO ESPAÑOL
650 14 - ENTRADA DE SUJETO AÑADIDO - TÉRMINO TÓPICO
Subdivisión general CATALOGOS
650 14 - ENTRADA DE SUJETO AÑADIDO - TÉRMINO TÓPICO
Subdivisión general EXPOSICIONES
Holdings
Estado de retirada Pérdida de estatus Estado dañado No para préstamo Código de recogida Ubicación permanente Ubicación actual Ubicación de las estanterías Fecha de adquisición Número de llamada completo Código de barras Fecha de la última vez que se vio Número de copia Precio efectivo desde Tipo de artículo Koha
        General ArtNexus ArtNexus General 06/09/2022 P-SP-00 P17V 4369 06/09/2022 Ej.1 06/09/2022 Libro

Powered by Koha